<?xml version='1.0' encoding='UTF-8'?>
  <record xmlns="http://www.loc.gov/MARC21/slim">
    <leader>00000cam a2200000 i 4500</leader>
    <controlfield tag="001">ocn967570092</controlfield>
    <controlfield tag="003">OCoLC</controlfield>
    <controlfield tag="005">20240329162159.4</controlfield>
    <controlfield tag="008">991018s1888    ne            000 0 ger d</controlfield>
    <datafield tag="040" ind1=" " ind2=" ">
      <subfield code="a">QGJ</subfield>
      <subfield code="b">dut</subfield>
      <subfield code="c">QGJ</subfield>
      <subfield code="d">OCLCQ</subfield>
    </datafield>
    <datafield tag="035" ind1=" " ind2=" ">
      <subfield code="a">(OCoLC)967570092</subfield>
    </datafield>
    <datafield tag="245" ind1="0" ind2="0">
      <subfield code="a">Catalog der reichhaltigen Sammlungen theologischer Bücher jüdischer und christlicher Schriftsteller, zusammengebracht von weil. Ds. G. Bruna, ..., Dr. A. Fürst, ..., weil. Ds. L. Steinfort, und weil. Dr. J. P. Stricker, ..., welche am 23. Januar 1888 und den folgenden Tagen durch H. G. Bom in Amsterdam öffentlich versteigert werden sollen.</subfield>
    </datafield>
    <datafield tag="260" ind1=" " ind2=" ">
      <subfield code="a">Amsterdam :</subfield>
      <subfield code="b">Bom,</subfield>
      <subfield code="c">1888.</subfield>
    </datafield>
    <datafield tag="300" ind1=" " ind2=" ">
      <subfield code="a">.. p. ;</subfield>
      <subfield code="c">.. cm</subfield>
    </datafield>
    <datafield tag="336" ind1=" " ind2=" ">
      <subfield code="a">text</subfield>
      <subfield code="b">txt</subfield>
      <subfield code="2">rdacontent</subfield>
    </datafield>
    <datafield tag="337" ind1=" " ind2=" ">
      <subfield code="a">unmediated</subfield>
      <subfield code="b">n</subfield>
      <subfield code="2">rdamedia</subfield>
    </datafield>
    <datafield tag="338" ind1=" " ind2=" ">
      <subfield code="a">volume</subfield>
      <subfield code="b">nc</subfield>
      <subfield code="2">rdacarrier</subfield>
    </datafield>
    <datafield tag="530" ind1=" " ind2=" ">
      <subfield code="a">Also available in online version.</subfield>
    </datafield>
    <datafield tag="600" ind1="1" ind2="4">
      <subfield code="a">Bruna, Gerhardt.</subfield>
    </datafield>
    <datafield tag="600" ind1="1" ind2="4">
      <subfield code="a">Fürst, Alexander.</subfield>
    </datafield>
    <datafield tag="600" ind1="1" ind2="4">
      <subfield code="a">Steinfort, L.</subfield>
    </datafield>
    <datafield tag="600" ind1="1" ind2="4">
      <subfield code="a">Stricker, Johannes Paulus,</subfield>
      <subfield code="d">1816-1886.</subfield>
    </datafield>
    <datafield tag="710" ind1="2" ind2=" ">
      <subfield code="a">H. G. Bom (Amsterdam)</subfield>
      <subfield code="4">orm</subfield>
    </datafield>
    <datafield tag="776" ind1="0" ind2="8">
      <subfield code="i">Online version:</subfield>
      <subfield code="t">Catalog der reichhaltigen Sammlungen theologischer Bücher jüdischer und christlicher Schriftsteller, zusammengebracht von weil. Ds. G. Bruna, ..., Dr. A. Fürst, ..., weil. Ds. L. Steinfort, und weil. Dr. J. P. Stricker, ..., welche am 23. Januar 1888 und den folgenden Tagen durch H. G. Bom in Amsterdam öffentlich versteigert werden sollen.</subfield>
      <subfield code="d">Amsterdam : Bom, 1888.</subfield>
    </datafield>
    <datafield tag="856" ind1="4" ind2="2">
      <subfield code="u">http://objects.library.uu.nl/reader/resolver.php?obj=000735739&amp;type=2</subfield>
      <subfield code="x">Online</subfield>
      <subfield code="z">Full text</subfield>
    </datafield>
    <datafield tag="936" ind1=" " ind2=" ">
      <subfield code="a">BATCHLOAD</subfield>
    </datafield>
  </record>